000 01148nam a22002657a 4500
999 _c65786
_d65786
005 20240530110843.0
008 200912s2019 ua a f b 000 0dara d
017 _a2019/8639
_bمصر. دار الكتب
020 _a9789771813705
040 _aEG-CaGPL
_cEG-CaGPL
082 0 4 _221
_a327.620569
_bق/ ص م
100 0 _aصالح محمد عمر
245 1 0 _aمصر والوجود الاسرائيلى فى دول حوص النيل 1955 - 1979 /
_cصالح محمد عمر
250 _aط.1
260 _aالقاهرة :
_bمطبعة دار الكتب و الوثائق القومية بالقاهرة ،
_c2019
300 _a625 ص. ؛
_c24 سم.
504 _aيشتمل على ارجاعات ببليوجرافية
650 0 7 _aدول حوض النيل
651 0 7 _aمصر
_xالعلاقات الخارجية
_2qrmak
_zاسرائيل
651 0 7 _aمصر
_xالعلاقات الخارجية
_zاثيوبيا
651 0 7 _aمصر
_xالعلاقات الخارجية
_zالسودان
651 0 7 _aاسرائيل
_xالعلاقات الخارجية
_zمصر
942 _2ddc
_cBK